Die Welt des Mittelmeeres : Zur Geschichte und Geographie kultureller Lebensformen

Saved in:
Bibliographic Details
Main Author: Braudel, Fernand
Other Authors: Duby, Georges, Aymard, Maurice
Format: Book
Language:German
French
Published: Frankfurt : Fischer Taschenbuch, 1990.
Subjects:
Tags: Add Tag
No Tags, Be the first to tag this record!

MARC

LEADER 00000cam a2200000 i 4500
001 1/85274
008 981020s1990 gw | ||| |||| ||ger||
020 |a 3596244439 
035 |l 10034658 
040 |a GR-MY-UA  |b gre  |e aacr 
041 1 |a ger  |h fre 
082 7 |a 930.09822   |2 (22) 
100 1 |a Braudel, Fernand. 
245 1 4 |a Die Welt des Mittelmeeres :   |b Zur Geschichte und Geographie kultureller Lebensformen /   |c Fernand Braudel, Georges Duby, Maurice Aymard ; Herausgegeben von Fernand Braudel.  
260 |a Frankfurt :   |b Fischer Taschenbuch,   |c 1990.  
300 |a 188 σ. ;   |c 24 εκ.  
500 |a Τίτλος πρωτοτύπου: La Mediterranee: l'espace et l'histoire.  
651 0 |a Mediterranean Region  |x Description and travel. 
700 1 |a Duby, Georges. 
700 1 |a Aymard, Maurice. 
852 |a INST  |b RHODES  |e 19981020  |h 930.09822 BRA  |p 005400006754  |q 005400006754  |t BK  |y 0 
909 |a Ρ  |b 049300 
922 |a 4ΕΛΗ  |b 199612  |c ΦΙΟΡΑΒΑΝΤΕΣ 
970 |z 20/10/1998